Inversión extranjera directa y desarrollo : nueva agenda política para países en vías de desarrollo y economías en transición /

Esta obra ofrece un análisis de las políticas para atraer la inversión extranjera en países en vías de desarrollo y economías en transición, sugiriendo una agenda destinada a maximizar los beneficios obtenidos de esta inversión a

Na minha lista:
Detalhes bibliográficos
Autor principal: Moran, Theodore H. (autor)
Formato: Livro
Idioma:espanhol
Publicado em: México : Oxford University, 2000, c2000
Assuntos:
Tags: Adicionar Tag
Sem tags, seja o primeiro a adicionar uma tag!

MARC

LEADER 00000nam^a2200000^a^4500
001 000115058
005 20250521000000.0
009 20260310094042.274
020 |a 970-613-549-9 
037 |a Acervo ITESO - Biblioteca 
041 |a ESP 
082 |a 332. 673091724  |b MOR 
100 |a Moran, Theodore H.  |e (autor) 
245 1 0 |a Inversión extranjera directa y desarrollo :  |b nueva agenda política para países en vías de desarrollo y economías en transición /  |c T.H. Moran ; tr. por Sergio Gerardo López Hernández. 
264 4 |a México :  |b Oxford University,  |c 2000, c2000 
300 |a 203 p. 
336 |a texto  |b txt  |2 rdacontenido 
337 |a sin mediación  |b n  |2 rdamedio 
338 |a volumen  |b nc  |2 rdasoporte 
520 |a Esta obra ofrece un análisis de las políticas para atraer la inversión extranjera en países en vías de desarrollo y economías en transición, sugiriendo una agenda destinada a maximizar los beneficios obtenidos de esta inversión a 
520 |a la vez que se disminuyen los riesgos. 
649 |a XX 
650 |a Inversiones Extranjeras 
650 |a Política Económica 
650 |a Países Subdesarrollados 
650 |a Dependencia Económica 
650 |a Economía 
910 |a Fondo General 
920 |a Impresos - Libros 
930 |a Colección General 
905 |a 101 
901 |a 0500052260  |b IT1  |c ACC  |u 20250521 
902 |a https://opac.biblio.iteso.mx/vufind/Record/000115058